Członkowie X-Men po Zdjęciu - Statystyki

Ogólne statystyki
  • Ten quiz został rozwiązany 37 razy
  • Średni wynik to 17 z 31
Statystyki odpowiedzi
Obrazkowy Odpowiedź % Poprawnych
Wolverine/James Howlett
100%
Magneto/Erik Lehnsherr
93%
Professor X/Charles Xavier
93%
Storm/Ororo Munroe
93%
Cyclops/Scott Summers
90%
Beast/Hank McCoy
83%
Jean Grey
79%
Deadpool/Wade Wilson
76%
Iceman/Bobby Drake
76%
Quicksilver/Peter Maximoff
76%
Gambit/Remy LeBeau
72%
Mystique/Raven Darkhölme
72%
Rogue/Marie D'Ancanto
72%
Colossus/Piotr Rasputin
69%
Angel/Warren Worthington III
66%
Nightcrawler/Kurt Wagner
66%
Pyro/John Allerdyce
59%
Havok/Alex Summers
48%
Jubilee/Jubilation Lee
41%
Bishop/Lucas Bishop
38%
Yukio
38%
Shadowcat/Kitty Pryde
34%
Banshee/Sean Cassidy
31%
Negasonic Teenage Warhead/Eloise Phimister
28%
Darwin/Armando Muñoz
24%
Blink/Clarice Ferguson
21%
Moira MacTaggert
21%
Warpath/James Proudstar
17%
Leech/Jimmy
14%
Sunspot/Roberto Da Costa
14%
Tempest/ Angel Salvadore
10%
Nie znaleziono quizów pasujących do podanych kryteriów
Rozkład punktacji
Procent ludzi z każdym wynikiem
Percentyl według liczby udzielonych odpowiedzi
Twoja historia wyników
Nie rozwiązałeś tego quizu